000
00224 a2200097 4500
001
50954
100
_a
Rafique Akhtar
245
_a
Pakistan Year Book
260
_a
Karachi
_b
East & West Publishing
_c
090
_c
32264
_d
32264
942
_a
NUST-CAE
_c
M
_c
24741
999
_c
286027
_d
286027